Normal view
MARC view
Entry Personal Name
001 - CONTROL NUMBER
- control field: 77258
003 - CONTROL NUMBER IDENTIFIER
- control field: MY-SjTCS
005 - DATE AND TIME OF LATEST TRANSACTION
- control field: 20191205135351.0
008 - FIXED-LENGTH DATA ELEMENTS
- fixed length control field: 181122nn aza||abb| a a|a d
039 #9 -
- : 201811221125
- : shuhada
- : 201802070956
- : shuhada
040 ## - CATALOGING SOURCE
- Original cataloging agency: DLC
- Language of cataloging: eng
- Transcribing agency: DLC
- Modifying agency: TUL
- Description conventions: rda
100 1# - HEADING--PERSONAL NAME
- Personal name: Gao, Yimin,
- Dates associated with a name: 1957-
374 ## - OCCUPATION
- Occupation: College teachers
- Source of term: lcsh
375 ## - GENDER
- Gender: male
377 ## - ASSOCIATED LANGUAGE
- Language code: eng
670 ## - SOURCE DATA FOUND
- Source citation: Modern electric, hybrid electric, and fuel cell vehicles /:
- Information found: t.p. (Mehrdad Ehsani, Yimin Gao, Stefano Longo, Kambiz M. Ebrahimi.)
670 ## - SOURCE DATA FOUND
- Source citation: Source: Classification Web
670 ## - SOURCE DATA FOUND
- Source citation: Source: Library of Congress Authorities
999 ## -
- : VIRTUA4 x
999 ## -
- : VTLSSORT0080*0400*1000*3740*3750*3770*6700*6701*6702*9991